Trova il Paese Misterioso Basandoti sul Colore n. 1 - Statistics

Statistiche generali
  • Questo quiz è stato fatto 2.414 volte
  • Il punteggio medio è 38 su 196
Risposte nella Mappa
Le risposte nella mappa del quiz sottostante sono codificate secondo una scala di colori dal rosso al verde in base alla % di persone che hanno risposto correttamente.
 
Statistiche sulle risposte
Paese % Corretto
Italia
81%
Francia
59%
Germania
52%
Russia
47%
Svizzera
42%
Austria
38%
Spagna
38%
Cina
33%
Canada
32%
Stati Uniti
31%
Brasile
29%
Polonia
29%
Grecia
28%
Malta
28%
San Marino
27%
Albania
26%
Città del Vaticano
26%
Belgio
25%
Croazia
25%
Messico
25%
India
24%
Portogallo
24%
Danimarca
23%
Ucraina
23%
Algeria
22%
Argentina
22%
Australia
22%
Norvegia
22%
Regno Unito
22%
Romania
22%
Serbia
22%
Svezia
22%
Bosnia ed Erzegovina
21%
Egitto
21%
Giappone
21%
Liechtenstein
21%
Marocco
21%
Mongolia
21%
Ungheria
21%
Cile
20%
Finlandia
20%
Islanda
20%
Libia
20%
Monaco
20%
Repubblica Ceca
20%
Sudafrica
20%
Turchia
20%
Afghanistan
19%
Bielorussia
19%
Cipro
19%
Colombia
19%
Iran
19%
Irlanda
19%
Kazakistan
19%
Lussemburgo
19%
Paesi Bassi
19%
Panama
19%
Tunisia
19%
Andorra
18%
Arabia Saudita
18%
Bolivia
18%
Bulgaria
18%
Ciad
18%
Cuba
18%
Ecuador
18%
Estonia
18%
Indonesia
18%
Iraq
18%
Kosovo
18%
Lettonia
18%
Moldavia
18%
Montenegro
18%
Niger
18%
Perù
18%
Repubblica del Congo
18%
Repubblica Democratica del Congo
18%
Slovacchia
18%
Uruguay
18%
Venezuela
18%
Vietnam
18%
Angola
17%
Antigua e Barbuda
17%
Armenia
17%
Bangladesh
17%
Belize
17%
Bhutan
17%
Botswana
17%
Cambogia
17%
Corea del Nord
17%
Corea del Sud
17%
Costa Rica
17%
El Salvador
17%
Emirati Arabi Uniti
17%
Etiopia
17%
Figi
17%
Filippine
17%
Gabon
17%
Gambia
17%
Georgia
17%
Ghana
17%
Giamaica
17%
Gibuti
17%
Guatemala
17%
Guinea
17%
Guyana
17%
Haiti
17%
Honduras
17%
Isole Salomone
17%
Israele
17%
Kenya
17%
Kirghizistan
17%
Laos
17%
Lesotho
17%
Libano
17%
Lituania
17%
Madagascar
17%
Malawi
17%
Maldive
17%
Mali
17%
Mozambico
17%
Namibia
17%
Nauru
17%
Nepal
17%
Nicaragua
17%
Nigeria
17%
Nuova Zelanda
17%
Pakistan
17%
Papua Nuova Guinea
17%
Paraguay
17%
Ruanda
17%
Samoa
17%
Senegal
17%
Singapore
17%
Siria
17%
Somalia
17%
Sri Lanka
17%
Stati Federati di Micronesia
17%
Sudan
17%
Suriname
17%
Tagikistan
17%
Taiwan
17%
Thailandia
17%
Tonga
17%
Trinidad e Tobago
17%
Turkmenistan
17%
Uganda
17%
Uzbekistan
17%
Yemen
17%
Zambia
17%
Azerbaijan
16%
Bahamas
16%
Bahrain
16%
Barbados
16%
Benin
16%
Birmania
16%
Brunei
16%
Burkina Faso
16%
Burundi
16%
Camerun
16%
Capo Verde
16%
Comoros
16%
Costa d'Avorio
16%
Dominica
16%
Eritrea
16%
Giordania
16%
Grenada
16%
Guinea-Bissau
16%
Guinea Equatoriale
16%
Isole Marshall
16%
Kiribati
16%
Kuwait
16%
Liberia
16%
Macedonia del Nord
16%
Malesia
16%
Mauritania
16%
Mauritius
16%
Oman
16%
Paese misterioso
16%
Palau
16%
Qatar
16%
Repubblica Centrafricana
16%
Repubblica Dominicana
16%
Saint Kitts e Nevis
16%
Saint Vincent e Grenadine
16%
Santa Lucia
16%
Sao Tome e Principe
16%
Seychelles
16%
Sierra Leone
16%
Sud Sudan
16%
Swaziland
16%
Tanzania
16%
Timor Est
16%
Togo
16%
Tuvalu
16%
Vanuatu
16%
Zimbabwe
16%
Nessun quiz corrispondente trovato
Distribuzione punteggi
Percentuale di utenti per punteggio
Percentile per numero di risposta
I tuoi punteggi nel tempo
Non hai fatto questo quiz